La Migración de los trabajadores mexicanos, un problema sin fronteras /
Se examina el fenómeno de la migración de mexicanos hacia Estados Unidos, algunos factores que la ocasionan y sus efectos. Se destaca la falta de voluntad política de ambos gobiernos y se enumeran algunas propuestas para solucionar el problema migratorio
Sábháilte in:
| Príomhchruthaitheoir: | |
|---|---|
| Formáid: | Téacs |
| Ábhair: | |
| Clibeanna: |
Cuir clib leis
Níl clibeanna ann, Bí ar an gcéad duine le clib a chur leis an taifead seo!
|
MARC
| LEADER | 00000 a a2200000 04500 | ||
|---|---|---|---|
| 001 | 3567 | ||
| 003 | |||
| 040 | |||
| 100 | |a Cerdio, Máximo | ||
| 245 | |a La Migración de los trabajadores mexicanos, un problema sin fronteras / |c Máximo Cerdio | ||
| 500 | |a Resumen en español páginas854 y en inglés páginas 942 | ||
| 520 | |a Se examina el fenómeno de la migración de mexicanos hacia Estados Unidos, algunos factores que la ocasionan y sus efectos. Se destaca la falta de voluntad política de ambos gobiernos y se enumeran algunas propuestas para solucionar el problema migratorio | ||
| 650 | |a MIGRACION | ||
| 650 | |a MIGRACION LABORAL | ||
| 650 | |a HISTORIA | ||
| 650 | |a ESTADISTICAS DE MIGRACION | ||
| 650 | |a MEXICANOS | ||
| 650 | |a CONDICIONES ECONOMICAS | ||
| 650 | |a CONDICIONES SOCIALES | ||
| 650 | |a EMIGRACION | ||
| 650 | |a CONSECUENCIAS ECONOMICAS | ||
| 650 | |a REMESAS | ||
| 650 | |a POLITICA MIGRATORIA | ||
| 650 | |a TRABAJADORES MIGRATORIOS | ||
| 650 | |a LEGISLACION SOBRE LA INMIGRACION | ||
| 773 | |g volumen 54, número 10; páginas 929-938 | ||
| 999 | |c 38706 |d 38706 | ||
